Normal view
MARC view
- Fundamentals of Heat and Mass Transfer
Entry Topical Term
001 - CONTROL NUMBER
- control field: 124196
003 - CONTROL NUMBER IDENTIFIER
- control field: NUST
005 - DATE AND TIME OF LATEST TRANSACTION
- control field: 20240708172000.0
008 - FIXED-LENGTH DATA ELEMENTS
- fixed length control field: 240708|| aca||aabn | a|a d
040 ## - CATALOGING SOURCE
- Original cataloging agency: NUST
- Transcribing agency: NUST
150 ## - HEADING--TOPICAL TERM
- Topical term or geographic name entry element: Fundamentals of Heat and Mass Transfer
670 ## - SOURCE DATA FOUND
- Source citation: Work cat.: (NUST): Incropera,. P Franck 124194, Fundamentals of Heat and Mass Transfer, 2007.
